000 00801cam a22002295a 4500
001 L157904
008 121219s2013 xxk f 000 0 eng d
020 _a9781848063020
035 _a(Sirsi) u157904
041 0 _aeng
100 1 _aScivyer, Chris
245 0 0 _aRadon solutions in homes: Radon sump systems
260 _aWatford
_bBRE
_c2013
300 _a12p.
_bill.
_c30cm.
490 0 _aBRE Good Repair Guide
_v(37/3)
520 _aThe guide offers advice to builders and homeowners installing radon sump systems in homes. It covers the installation of both active (fan-assisted) and passive sump systems.
521 _aIntroductory
651 4 _aUnited Kingdom
_y
690 _aHEALTH AND SAFETY
_96244
690 _aMANAGEMENT-HEALTH AND SAFETY-HAZARDOUS SUBSTANCES-RADON
942 _n0
999 _c115020
_d115020